• 首页
  • 本馆介绍
  • 公告通知
  • 最新文献
  • 馆藏检索
  • 电子资源
  • 读者导购
  • 参考咨询
  • 我的图书馆
  • 登录
  • 详细信息显示
  • 放入我的书架
  • 预约/预借图书
  • 作者相关作品
  • 分类相关作品
  • 丛书相关作品
  • 出版社相关作品

书目信息

  • 表格格式
  • 工作单格式
  • 卡片格式
题名:
UI设计参考手册
    
 
作者: 本书编写组
分册:  
出版信息: 北京   人民邮电出版社  2016.11
页数: 220页
开本: 20cm
丛书名:
单 册:
中图分类: TP311.1-62
科图分类:
主题词: 软件
电子资源:
ISBN: 7-115-43337-2
000 00570nam0 2200193 450
001 3194
005 20161208111301.89
010    @a7-115-43337-2@dCNY49.80
100    @a20150811d2016 km y0chiy0120 ea
101 0  @achi
102    @aCN@b110000
200 1  @aUI设计参考手册@AUI she ji can kao shou ce@f本书编写组@Fben shu bian xie zu
210    @a北京@c人民邮电出版社@d2016.11
215    @a220页@d20cm
330    @a人际界面·程序设计·手册
606 0  @a软件
690    @aTP311.1-62@v4
801  0 @aCN@b大连网信软件有限公司图书馆·11@c20161208
905    @aZUCC@dTP311.1-62@e1043
    
    UI设计参考手册/本书编写组.-北京:人民邮电出版社,2016.11
    220页;20cm
    
    
    ISBN 7-115-43337-2:CNY49.80
    人际界面·程序设计·手册
●
相关链接 在E读中查询图书 在五车中查询图书 在当当中查询图书 在豆瓣中查询图书


正题名:UI设计参考手册     索取号:TP311.1-62/1043         预约/预借

序号 登录号 条形码 馆藏地/架位号 状态 备注
1 912721   209127210   第二样本阅览室/ [索取号:TP311.1-62/1043] 在馆    
2 912722   209127229   第三借阅区/ [索取号:TP311.1-62/1043] 在馆    
3 912723   209127238   第三借阅区/ [索取号:TP311.1-62/1043] 在馆    
唐山师范学院图书馆 欢迎您!
大连网信软件有限公司© 版权所有